000 00666nam a2200253Ia 4500
003 OSt
005 20220918180004.0
006 a|||||r|||| 00| 0
007 ta
008 220917b |||||||| |||| 00| 0 eng d
024 _a20,145
037 _cTextual
040 _aARTS
_cARTS
_beng
041 _2eng
_aeng
082 _aO111,3:g, K5
100 _aBonazza Blaze O
_955401
245 0 _aStudies in fiction
260 _aNew York
_bHarper & Row USA
_c1965
300 _a384p.
_ccm.
650 _aENGLISH LITERATURE
700 _a Roy Emil
_955402
942 _hO111,3:g, K5
_cTEXL
_2CC
999 _c159893
_d159893